El profesional reflexivo : cómo piensan los profesionales cuando actúan /

Observación sobre cómo profesionistas de cinco diferentes disciplinas (ingeniería, arquitectura, administración, psicoterapia y planeación urbana) solucionan problemas cotidianos de forma creativa y hasta intuitiva, más allá de lo que puede enseñarse en un salón de clases. El autor diferencia, así,...

詳細記述

保存先:
書誌詳細
第一著者: Schön, Donald A. (autor)
その他の著者: Bayo Margalef, José (traducción) (traducción)
フォーマット: 図書
言語:スペイン語
出版事項: Barcelona, España : Paidós, 1998, c1998
シリーズ:(Temas de Educación ; 47)
主題:
タグ: タグ追加
タグなし, このレコードへの初めてのタグを付けませんか!

MARC

LEADER 00000nam^a2200000^a^4500
001 000090548
005 20250521000000.0
009 20260526121438.839
020 |a 84-493-0556-X 
037 |a Acervo ITESO - Biblioteca 
041 |a ESP 
082 |a 153. 43  |b SCH 
100 |a Schön, Donald A.  |e (autor) 
240 1 4 |a [El profesional reflexivo: cómo piensan los profesionales cuando actúan] 
245 1 3 |a El profesional reflexivo :  |b cómo piensan los profesionales cuando actúan /  |c D.A. Schön ; tr. por J. Bayo Margalef. 
264 4 |a Barcelona, España :  |b Paidós,  |c 1998, c1998 
300 |a 319 p. 
336 |a texto  |b txt  |2 rdacontenido 
337 |a sin mediación  |b n  |2 rdamedio 
338 |a volumen  |b nc  |2 rdasoporte 
440 1 |a (Temas de Educación ;  |v 47) 
500 |a Traducción de: The Reflective Practitioner: How Professionals Think in Action 
520 |a Observación sobre cómo profesionistas de cinco diferentes disciplinas (ingeniería, arquitectura, administración, psicoterapia y planeación urbana) solucionan problemas cotidianos de forma creativa y hasta intuitiva, más allá de lo que puede enseñarse en un salón de clases. El autor diferencia, así, entre el "conocimiento académico" y las competencias de que pueda echar mano una persona para tomar decisiones, apoyados en su experiencia. 
521 |a 2015 BO Licenciatura en Ciencias de la Educación 
649 |a XX 
650 |a Profesionistas -  |x Prácticas Profesionales 
650 |a Solución de Problemas -  |x Tema Principal 
650 |a Toma de Decisiones 
650 |a Creatividad -  |x Tema Principal 
650 |a Psicología Cognitiva 
650 |a Habilidades de Pensamiento 
650 |a Competencias (Educación) -  |x Tema Principal 
650 |a Experiencia Profesional 
650 |a Psicología 
700 |a Bayo Margalef, José  |e (traducción) 
910 |a Fondo General 
920 |a Impresos - Libros 
930 |a Colección General 
905 |a 101 
901 |a 0500145975  |b IT1  |c ACC  |i D  |u 20250521 
901 |a 0500249909  |b IT1  |c ACC  |i D71621  |u 20250521 
902 |a https://opac.biblio.iteso.mx/vufind/Record/000090548